[Event "Rheinland-ch MAT-I 28th"]
[Site "Trier"]
[Date "2005.??.??"]
[Round "1"]
[White "Kutzner, Stephen"]
[Black "Scheuring, Christoph"]
[Result "1-0"]
[WhiteElo "2075"]
[BlackElo "1830"]
[PlyCount "65"]
[EventDate "2005.03.??"]
[EventType "tourn"]
[EventRounds "9"]
[EventCountry "GER"]
[SourceTitle "EXT 2009"]
[Source "ChessBase"]
[SourceDate "2008.11.26"]
[SourceVersion "1"]
[SourceVersionDate "2008.11.26"]
[SourceQuality "1"]

1. e4 c5 2. Nf3 a6 3. c3 d5 4. exd5 Qxd5 5. d4 Nc6 6. dxc5 Qxd1+ 7. Kxd1 Nf6 8. Be3 Ng4 9. Bc4 Nxe3+ 10. fxe3 Bg4 11. Nbd2 e6 12. b4 Be7 13. Kc2 0-0 14. h3 Bxf3 15. Nxf3 Rfd8 16. Rhd1 Rxd1 17. Rxd1 Rd8 18. Rxd8+ Bxd8 19. Nd4 Ne5 20. Be2 Kf8 21. Nf3 Nc6 22. Nd2 Ke7 23. Nc4 Bc7 24. Bf3 Nd8 25. a4 f5 26. Kd3 e5 27. Bd5 h5 28. b5 axb5 29. axb5 Kd7 30. e4 f4 31. b6 Bb8 32. Na5 Kc8 33. h4 1-0